Historically black colleges and universities : triumphs, troubles, and taboos /
| Other Authors: | , |
|---|---|
| Format: | Book |
| Language: | English |
| Published: |
New York :
Palgrave Macmillan,
2008.
|
| Edition: | 1st ed. |
| Subjects: | |
| Online Access: | Publisher description Table of contents only Contributor biographical information |
MARC
| Tag | First Indicator | Second Indicator | Subfields |
|---|---|---|---|
| LEADER | 00000cam a22000004a 4500 | ||
| 001 | in00002492011 | ||
| 005 | 20151110061556.0 | ||
| 008 | 080520s2008 nyua b 001 0 eng | ||
| 010 | |a 2008021759 | ||
| 020 | |a 0230602738 | ||
| 020 | |a 9780230602731 | ||
| 035 | |a (OCoLC)ocn229445956 | ||
| 035 | |a (OCoLC)229445956 | ||
| 040 | |a DLC |c DLC |d YDX |d BAKER |d BTCTA |d YDXCP |d CDX |d BWX |d UtOrBLW | ||
| 043 | |a n-us--- | ||
| 049 | |a TXAM | ||
| 050 | 0 | 0 | |a LC2781 |b .H573 2008 |
| 082 | 0 | 0 | |a 378.73089/96073 |2 22 |
| 245 | 0 | 0 | |a Historically black colleges and universities : |b triumphs, troubles, and taboos / |c edited by Marybeth Gasman and Christopher L. Tudico. |
| 250 | |a 1st ed. | ||
| 264 | 1 | |a New York : |b Palgrave Macmillan, |c 2008. | |
| 300 | |a vi, 252 pages : |b illustrations ; |c 22 cm. | ||
| 336 | |a text |b txt |2 rdacontent | ||
| 337 | |a unmediated |b n |2 rdamedia | ||
| 338 | |a volume |b nc |2 rdacarrier | ||
| 650 | 0 | |a African American universities and colleges. | |
| 650 | 0 | |a African Americans |x Education (Higher) | |
| 700 | 1 | |a Gasman, Marybeth. | |
| 700 | 1 | |a Tudico, Christopher L. | |
| 856 | 4 | 2 | |3 Publisher description |u http://www.loc.gov/catdir/enhancements/fy0901/2008021759-d.html |t 0 |
| 856 | 4 | 1 | |3 Table of contents only |u http://www.loc.gov/catdir/enhancements/fy0901/2008021759-t.html |t 0 |
| 856 | 4 | 2 | |3 Contributor biographical information |u http://www.loc.gov/catdir/enhancements/fy0903/2008021759-b.html |t 0 |
| 938 | |a Baker & Taylor |b BKTY |c 74.95 |d 74.95 |i 0230602738 |n 0007605737 |s active | ||
| 938 | |a Baker and Taylor |b BTCP |n 2008021759 | ||
| 938 | |a YBP Library Services |b YANK |n 2885368 | ||
| 938 | |a Coutts Information Services |b COUT |n 7364657 |c 84.95 USD | ||
| 938 | |a Blackwell Book Service |b BBUS |n R5760528 |c $84.95 | ||
| 945 | |a PromptCat |b 613496 | ||
| 946 | |a stk | ||
| 947 | |a A14837442874 | ||
| 994 | |a 92 |b TXA | ||
| 948 | |a cataloged |b h |d 2009/2/5 |h c |e asalazar |f 11:50:26 am | ||
| 999 | |a MARS | ||
| 999 | f | f | |s eb7a3c06-873e-39be-a3ea-f1f3298226b4 |i 46c85488-7c7a-3d57-9850-a4012ff9fb78 |t 0 |
| 952 | f | f | |p normal |a Texas A&M University |b College Station |c Sterling C. Evans Library |d Evans: Library Stacks |t 0 |e LC2781 .H573 2008 |h Library of Congress classification |i unmediated -- volume |m A14837442874 |
| 998 | f | f | |a LC2781 .H573 2008 |t 0 |l Evans: Library Stacks |